00426cam a2200169 a 450000100090000000300050000900500170001400800410003102000180007204000090009008200180009910000260011724500440014325000130018726000340020030000220023414873572322820250311131448.0070601s1997 sa 000 1 afr c a9780624035404 c3228 a839.3635 BLOE1 aBloemhof, François.10aSlinger-slinger /cFrançois Bloemhof. a1. uitg. aKaapstad :bTafelberg,c1997. a98 pages;c22 cm.